书目信息 |
| 题名: |
传播学
|
|
| 作者: | 鲁曙明 , 洪浚浩 主编 | |
| 分册: | ||
| 出版信息: | 北京 中国人民大学出版社 2007 |
|
| 页数: | 538页 | |
| 开本: | 23cm | |
| 丛书名: | 西方人文社科前沿述评 | |
| 单 册: | ||
| 中图分类: | G206-53 | |
| 科图分类: | ||
| 主题词: | 传播学--文集 , 传播学 | |
| 电子资源: | ||
| ISBN: | 978-7-300-08262-2 | |
| 000 | 01048oam2 2200289 450 | |
| 001 | 003560946 | |
| 005 | 20091207084501.37 | |
| 010 | @a978-7-300-08262-2@dCNY68.00 | |
| 100 | @a20070327d2007 em y0chiy0110 ea | |
| 101 | 0 | @achi@deng@eeng |
| 102 | @aCN@b110000 | |
| 105 | @ay z 000yy | |
| 106 | @ar | |
| 200 | 1 | @a传播学@9chuan bo xue@dMass communication@f鲁曙明,洪浚浩主编@zeng |
| 210 | @a北京@c中国人民大学出版社@d2007 | |
| 215 | @a538页@d23cm | |
| 225 | 2 | @a西方人文社科前沿述评 |
| 330 | @a本书收集了关于传播学的最新学术研究成果。全书共分三个部分。第一部分对大众传播学研究的几个主要领域进行了介绍与评析,第二部分是关于各种媒体研究的介绍与评析,第三部分是对与大众传播学紧密相关的其他几个传播学学科的介绍与评析。 | |
| 461 | 0 | @12001 @a西方人文社科前沿述评 |
| 510 | 1 | @aMass communication@zeng |
| 606 | 0 | @a传播学@j文集 |
| 606 | 0 | @a传播学 |
| 690 | @aG206-53@v4 | |
| 701 | 0 | @a鲁曙明@9lu shu ming@c(传播学)@4主编 |
| 701 | 0 | @a洪浚浩@9hong jun hao@4主编 |
| 801 | 0 | @aCN@bNLC@c20091207 |
| 905 | @b20795814-16@dG206-53@e288@f3 | |
| 传播学=Mass communication/鲁曙明,洪浚浩主编.-北京:中国人民大学出版社,2007 |
| 538页;23cm.-(西方人文社科前沿述评) |
| ISBN 978-7-300-08262-2:CNY68.00 |
| 本书收集了关于传播学的最新学术研究成果。全书共分三个部分。第一部分对大众传播学研究的几个主要领域进行了介绍与评析,第二部分是关于各种媒体研究的介绍与评析,第三部分是对与大众传播学紧密相关的其他几个传播学学科的介绍与评析。 |
| ● |
| 相关链接 |
|
|
|
|
正题名:传播学
索取号:G206-53/288
 
预约/预借
| 序号 | 登录号 | 条形码 | 馆藏地/架位号 | 状态 | 备注 |
| 1 | 795814 | 207958147 | 第一样本阅览室/ [索取号:G206-53/288] | 在馆 | |
| 2 | 795815 | 207958156 | 第四借阅区/ [索取号:G206-53/288] | 在馆 | |
| 3 | 795816 | 207958165 | 中文系资料室/ [索取号:G206-53/288] | 在馆 |